100 Biggest Cities in Georgia State on a Map - Statistics

General Stats
  • This quiz has been taken 682 times
    673 since last reset
  • The average score is 39 of 100
Answers on the Map
Answers color-coded by a green-red scale on the quiz's map according to % correct below.
 
Answer Stats
Population Cities % Correct
498,715 Atlanta
98%
147,780 Savannah
96%
157,346 Macon-Bibb County
91%
127,315 Athens-Clarke County
90%
202,081 Augusta-Richmond County
88%
206,922 Columbus
86%
55,378 Valdosta
76%
60,972 Marietta
73%
65,818 Alpharetta
70%
108,080 Sandy Springs
68%
37,713 Rome
67%
80,308 Warner Robins
67%
92,833 Roswell
63%
107,436 South Fulton
63%
69,647 Albany
62%
82,453 Johns Creek
61%
34,417 Dalton
57%
15,210 Brunswick
55%
42,296 Gainesville
55%
24,928 Decatur
54%
55,663 Smyrna
53%
38,244 Peachtree City
52%
33,438 Statesboro
51%
33,036 Kennesaw
49%
42,549 Newnan
48%
30,629 Lawrenceville
47%
11,722 Douglas
46%
51,683 Dunwoody
46%
30,858 LaGrange
45%
34,650 Douglasville
43%
42,243 Peachtree Corners
43%
55,161 Brookhaven
42%
31,873 Duluth
41%
26,738 Carrollton
39%
34,891 Hinesville
39%
16,949 Calhoun
38%
23,187 Cartersville
38%
17,070 Milledgeville
38%
13,930 College Park
37%
59,194 Stonecrest
37%
17,209 Norcross
36%
35,065 Woodstock
36%
14,192 Covington
35%
18,957 Fayetteville
35%
41,296 Milton
35%
17,045 Tifton
35%
17,305 Conyers
34%
38,358 East Point
34%
18,881 Thomasville
34%
32,973 Canton
33%
29,051 McDonough
33%
20,624 Perry
33%
18,256 St. Marys
33%
28,973 Stockbridge
32%
13,942 Waycross
32%
17,144 Buford
31%
16,074 Dublin
31%
22,440 Acworth
30%
16,230 Americus
30%
13,233 Jefferson
30%
14,928 Monroe
30%
25,711 Pooler
30%
20,573 Snellville
30%
37,005 Tucker
30%
20,786 Suwanee
29%
30,164 Chamblee
28%
14,042 Dallas
28%
23,478 Griffin
28%
18,338 Winder
28%
14,468 Bainbridge
27%
34,536 Evans
27%
14,502 Lilburn
26%
40,834 Mableton
26%
34,535 Martinez
26%
14,982 St. Simons
26%
16,633 Richmond Hill
23%
26,830 Union City
23%
16,644 Lithia Springs
22%
14,127 Loganville
22%
18,337 Kingsland
21%
14,638 Moultrie
21%
16,887 Powder Springs
21%
25,076 Sugar Hill
21%
16,970 Villa Rica
21%
12,581 Vinings
21%
19,932 Forest Park
20%
20,385 North Druid Hills
20%
16,213 Holly Springs
19%
15,129 Riverdale
19%
13,403 Braselton
18%
16,483 Fairburn
18%
11,916 Georgetown
17%
15,577 Grovetown
17%
14,756 Clarkston
16%
18,511 North Decatur
16%
31,749 Redan
16%
15,129 Wilmington Island
14%
13,089 Mountain Park
12%
15,113 Belvedere Park
10%
22,468 Candler-McAfee
10%
No matching quizzes found
Score Distribution
Percent of People with Each Score
Percentile by Number Answered
Your Score History
You have not taken this quiz since the last reset